[Event "CZE-chT 2223"]
[Site "Czech Republic"]
[Date "2023.03.26"]
[Round "11.2"]
[White "Horak, Martin"]
[Black "Konopka, Michal"]
[Result "0-1"]
[WhiteElo "2191"]
[BlackElo "2354"]
[PlyCount "108"]
[EventDate "2022.10.15"]
[EventType "team-tourn"]
[EventRounds "11"]
[EventCountry "CZE"]
[SourceTitle "CBM 213 Extra"]
[Source "ChessBase"]
[SourceDate "2023.05.31"]
[SourceVersion "1"]
[SourceVersionDate "2023.05.31"]
[SourceQuality "1"]
[WhiteTeam "Unichess"]
[BlackTeam "Kromeriz Slavia"]
[WhiteTeamCountry "CZE"]
[BlackTeamCountry "CZE"]

1. e4 d6 2. d4 Nf6 3. Nc3 g6 4. Nf3 Bg7 5. Be2 0-0 6. 0-0 c6 7. a4 Nbd7 8. h3 e5 9. dxe5 dxe5 10. Be3 Qe7 11. Bc4 b6 12. Qd2 Nc5 13. Ng5 h6 14. b4 hxg5 15. bxc5 g4 16. cxb6 gxh3 17. f3 axb6 18. g3 Be6 19. Qe2 Bxc4 20. Qxc4 b5 21. Bc5 Qd7 22. Qd3 Rfd8 23. axb5 Qxd3 24. cxd3 Rxa1 25. Rxa1 cxb5 26. Rd1 Rc8 27. Bb4 Bf8 28. Bxf8 Kxf8 29. Rc1 b4 30. Na2 Rxc1+ 31. Nxc1 Ke7 32. Kh2 Nd7 33. Kxh3 Nc5 34. Na2 Nxd3 35. Kg4 b3 36. Nc3 b2 37. f4 Kd6 38. Kg5 exf4 39. gxf4 Ke6 40. Kg4 Nc5 41. Kf3 Na4 42. Nb1 Kd6 43. Ke3 Kc5 44. Kd3 Kb4 45. Nd2 Nc3 46. Kd4 Nb5+ 47. Kd3 Na3 48. Kd4 Nc4 49. Nb1 Kb3 50. Kd3 Na3 51. Nd2+ Ka2 52. Kd4 Nc2+ 53. Kd3 Na1 54. e5 Nb3 0-1

[Event "Oberliga Ost-B 2122"]
[Site "Germany"]
[Date "2022.05.22"]
[Round "5.1"]
[White "Humburg, Philipp"]
[Black "Konopka, Michal"]
[Result "0-1"]
[WhiteElo "2280"]
[BlackElo "2383"]
[PlyCount "66"]
[EventDate "2021.10.10"]
[EventType "team-tourn"]
[EventRounds "11"]
[EventCountry "GER"]
[SourceTitle "EXT 2023"]
[Source "ChessBase"]
[SourceDate "2022.10.05"]
[SourceVersion "1"]
[SourceVersionDate "2022.10.05"]
[SourceQuality "1"]
[WhiteTeam "Marburg"]
[BlackTeam "Schoeneck"]
[WhiteTeamCountry "GER"]
[BlackTeamCountry "GER"]

1. e4 d6 2. d4 Nf6 3. Nc3 g6 4. Bg5 h6 5. Be3 c6 6. f3 Nbd7 7. Nh3 b5 8. Nf2 Bb7 9. Qd2 Bg7 10. g4 Nb6 11. b3 Qc7 12. Rd1 h5 13. g5 Nfd7 14. f4 b4 15. Nb1 a5 16. Bh3 c5 17. c4 bxc3 18. Nxc3 0-0 19. d5 Ba6 20. e5 dxe5 21. f5 Rfd8 22. Nfe4 c4 23. 0-0 cxb3 24. axb3 Bxf1 25. Rxf1 a4 26. fxg6 fxg6 27. Be6+ Kh8 28. d6 exd6 29. Rf7 axb3 30. Nxd6 Ra1+ 31. Kf2 Rf8 32. Bxb3 Nc5 33. Rxf8+ Bxf8 0-1

[Event "Berlin Rising Stars IM"]
[Site "Berlin"]
[Date "2021.09.23"]
[Round "7"]
[White "Konopka, Michal"]
[Black "Beerdsen, Thomas"]
[Result "0-1"]
[WhiteElo "2368"]
[BlackElo "2468"]
[PlyCount "86"]
[EventDate "2021.09.19"]
[EventType "tourn"]
[EventRounds "9"]
[EventCountry "GER"]
[EventCategory "3"]
[SourceTitle "CBM 204 Extra"]
[Source "ChessBase"]
[SourceDate "2021.11.30"]
[SourceVersion "1"]
[SourceVersionDate "2021.11.30"]
[SourceQuality "1"]

1. Nf3 Nf6 2. c4 c6 3. d4 d5 4. Qb3 dxc4 5. Qxc4 Bf5 6. g3 e6 7. Bg2 Be7 8. 0-0 0-0 9. e3 c5 10. Nc3 Nc6 11. Rd1 Qa5 12. Bd2 Qb4 13. Qxb4 cxb4 14. Ne2 a5 15. Be1 Rfd8 16. Rac1 Rac8 17. Nf4 h6 18. Nd3 Bxd3 19. Rxd3 Nxd4 20. Rxc8 Nxf3+ 21. Bxf3 Rxc8 22. Kf1 b6 23. Ke2 Rc7 24. Kd1 Nd7 25. Rd2 Nc5 26. Be2 b3 27. Bc4 bxa2 28. Bxa2 b5 29. Rc2 b4 30. Rc4 Rd7+ 31. Ke2 Na4 32. Rc8+ Rd8 33. Rxd8+ Bxd8 34. b3 Nc5 35. f3 Bf6 36. Kd1 Ba1 37. Kc2 f5 38. Bf2 e5 39. e4 Bd4 40. Bxd4 exd4 41. exf5 Kf7 42. g4 Kf6 43. f4 d3+ 0-1

[Event "Berlin Rising Stars IM"]
[Site "Berlin"]
[Date "2021.09.19"]
[Round "1"]
[White "Konopka, Michal"]
[Black "Schulze, Lara"]
[Result "1-0"]
[WhiteElo "2368"]
[BlackElo "2252"]
[PlyCount "79"]
[EventDate "2021.09.19"]
[EventType "tourn"]
[EventRounds "9"]
[EventCountry "GER"]
[EventCategory "3"]
[SourceTitle "CBM 204 Extra"]
[Source "ChessBase"]
[SourceDate "2021.11.30"]
[SourceVersion "1"]
[SourceVersionDate "2021.11.30"]
[SourceQuality "1"]

1. Nf3 Nf6 2. c4 e6 3. g3 d5 4. d4 Bb4+ 5. Bd2 Be7 6. Bg2 0-0 7. 0-0 c6 8. Qc2 Nbd7 9. Bf4 b6 10. cxd5 cxd5 11. Rc1 Ba6 12. Nc3 b5 13. a4 Qb6 14. axb5 Bxb5 15. Nxb5 Qxb5 16. Bf1 Qb7 17. Qc7 Rfb8 18. Qa5 Rc8 19. Rxc8+ Rxc8 20. Qa6 Qxa6 21. Rxa6 Ra8 22. e3 Bd8 23. Rc6 Bb6 24. Bd3 h6 25. h3 Ne8 26. g4 Kf8 27. h4 Ke7 28. Kg2 Rd8 29. g5 hxg5 30. hxg5 Nb8 31. Rc1 Nd6 32. Ne5 Rh8 33. b4 Rg8 34. Kf3 f6 35. Ng6+ Kd7 36. Rh1 Nc6 37. gxf6 Nf7 38. Rh7 Nxb4 39. Bb5+ Kd8 40. Rxg7 1-0

[Event "EUR-ch Seniors 50"]
[Site "Prague"]
[Date "2021.09.03"]
[Round "5.4"]
[White "Konopka, Michal"]
[Black "Korinkova, Eva"]
[Result "1-0"]
[WhiteElo "2368"]
[BlackElo "1801"]
[PlyCount "53"]
[EventDate "2021.08.30"]
[EventType "team-tourn"]
[EventRounds "9"]
[EventCountry "CZE"]
[SourceTitle "CBM 204 Extra"]
[Source "ChessBase"]
[SourceDate "2021.11.30"]
[SourceVersion "1"]
[SourceVersionDate "2021.11.30"]
[SourceQuality "1"]
[WhiteTeam "Czech Republic 50"]
[BlackTeam "Vysocina KSS 50"]
[WhiteTeamCountry "CZE"]
[BlackTeamCountry "CZE"]

1. Nf3 Nf6 2. c4 g6 3. g3 Bg7 4. d4 d6 5. Bg2 0-0 6. Nc3 Nbd7 7. 0-0 e5 8. e4 exd4 9. Nxd4 Ne5 10. b3 Bg4 11. f3 Bd7 12. Be3 a6 13. Qd2 Re8 14. Rac1 Qc8 15. Nd5 Be6 16. Bg5 Ned7 17. Rfd1 Kf8 18. Qf4 Ng8 19. Nxe6+ Rxe6 20. Bh3 Re5 21. Qd2 Rxg5 22. Qxg5 Bh6 23. Qg4 Bxc1 24. Rxc1 Ke8 25. c5 dxc5 26. Qf4 Kd8 27. Qxf7 1-0